| 000 | 00504nam a22001577a 4500 | ||
|---|---|---|---|
| 008 | 221027b |||||||| |||| 00| 0 eng d | ||
| 020 | _a9780190909000 | ||
| 050 |
_aBS2330.3 _b.E38 2020 |
||
| 100 | _aEhrman, Bart D. | ||
| 245 |
_aThe New Testament: _bA historical introduction to the early christian writings/ _cBart D. Ehrman |
||
| 250 | _a7th ed. | ||
| 260 |
_aNew York _bOxford university press _c2020 |
||
| 300 | _axxxiii, 587p. | ||
| 650 |
_aBible _vNew testament _xIntroductions |
||
| 942 |
_2lcc _cBK |
||
| 999 |
_c19711 _d19710 |
||